Countries by a Single Clue #13 - Statistics

General Stats
  • This quiz has been taken 39,773 times
  • The average score is 13 of 20
Answer Stats
Clue Country % Correct
Lagos is its largest city Nigeria
87%
Its name means "Rich Coast" in Spanish Costa Rica
86%
Its flag looks like this:
Albania
80%
The closest country to Florida, geographically Bahamas
79%
The second-to-last country alphabetically Zambia
79%
Caribbean island nation where Rihanna was born in 1988 Barbados
76%
Notable athletes from this country include Novak Djokovic and Nikola Jokić Serbia
75%
Contains the northern part of the Gobi desert Mongolia
72%
Where "Lord of the Rings" director Peter Jackson comes from New Zealand
70%
Its name has seven letters, three of which are U Uruguay
68%
Has the most rain forest of any country in Africa D. R. Congo
67%
Country whose Prince Rainier married actress Grace Kelly in 1956 Monaco
63%
Tropical country which has competed in bobsled at the Winter Olympics since 1988 Jamaica
62%
Viktor Orbán has served as Prime Minister since 2010 Hungary
59%
Became independent from France in 1962 after a war which killed hundreds of thousands Algeria
58%
Where Barack Obama's father was born Kenya
58%
Moved its capital to Naypyidaw in 2005 Myanmar
51%
By area, the second-largest Portuguese-speaking country in the world Angola
47%
Largest country in the Levant Syria
45%
First settled by humans around 10,000 BC, which led to the extinction of its dwarf hippopotamus and dwarf elephant populations Cyprus
11%
No matching quizzes found
Score Distribution
Percent of People with Each Score
Percentile by Number Answered
Your Score History
You have not taken this quiz